Gróf Klebelsberg Kunó klinikái Szegeden

Elmentve itt :
Bibliográfiai részletek
Szerzők: Hencz Péter
Klebelsberg Kuno
Dokumentumtípus: Cikk
Megjelent: 2008-10-03
Sorozat:Délmagyarország 98 No. 232
Kulcsszavak:Klebelsberg Kuno 1875-1932, Szeged, Egészségügyi intézmények klinika építkezés története Szeged 20. sz.
Online Access:http://dmarchiv.bibl.u-szeged.hu/140750
LEADER 00597nab a2200169 i 4500
001 delm140750
005 20200103094901.0
008 200103s2008 hu o 0|| hun d
040 |a SZTE Délmagyarország Archívum  |b hun 
041 |a hun 
100 1 |a Hencz Péter 
245 1 0 |a Gróf Klebelsberg Kunó klinikái Szegeden  |h [elektronikus dokumentum] /  |c  Hencz Péter 
260 |c 2008-10-03 
300 |a 12 
490 0 |a Délmagyarország  |v 98 No. 232 
695 |a Klebelsberg Kuno 1875-1932, Szeged, Egészségügyi intézmények klinika építkezés története Szeged 20. sz. 
700 0 1 |a Klebelsberg Kuno  |e aut